La irresponsabilidad organizada

Salvato in:
Dettagli Bibliografici
Autore principale: Saxe Fernández, John
Natura: testo
Pubblicazione: México :
Tags: Aggiungi Tag
Nessun Tag, puoi essere il primo ad aggiungerne!!

MARC

LEADER 00000 a a2200000 04500
001 15873
003
040
090 |a 019900  
100 |a Saxe Fernández, John  
245 |a La irresponsabilidad organizada  
260 |a México :  
300 |a 4 p.  
500 |a Tomado del Diario UNO + UNO de 4 de junio de 1979  
999 |c 13817  |d 13817